Quizzes
Events
Quiz Creation
Community
Videos
Private Events
Remove Ads
Sign In
Join for FREE
Feedback
Dark Mode
Quiz Categories
Sports
Geography
Music
Movies
Television
Just For Fun
Miscellaneous
History
Literature
Language
Science
Gaming
Entertainment
Religion
Holiday
For Kids
Quiz Lab
Recent
Popular Today
Quiz Kudos Today
Editor Picks
Curator Picks
Quizzes by...
Day
Popularity
Type
Ratings
Length
Year
Community
Subscriptions
Recent Discussions
Orange Saloon
Badges
Playlists
Quests
Create
Leaderboards
Showdown
Live 5
Trivia Bingo
Activity
Puzzle Library
Sporcle Events
Private Events
Virtual Trivia
Globe League
Become a Host
Pub Owners
SporcleCon
Opinionation
Our Games
Videos
Blog
Mobile Apps
Partnerships
Remove Ads and Go Orange
Feedback
Movies
Disney
Marvel Cinematic Universe
Movie Resume
Movie Titles
Oscar
Actor
Actress
Director
Pixar
Role
Movie Quotes
Movie Characters
Box Office
Nominee
Best Picture
Star Wars
James Bond
Horror Movies
Movies
Disney
Marvel Cinematic Universe
Movie Resume
Movie Titles
Oscar
Actor
Actress
Director
Pixar
Role
Movie Quotes
Movie Characters
Box Office
Nominee
Best Picture
Star Wars
James Bond
Horror Movies
Random Quiz
Search Sporcle
×
Quiz Lab
Quiz Lab
Movies
Toys
Type in answers that appear in a list
Type in answers that appear in a list
Classic
Best Score? Go Orange.
Every Toy Story Character Stats
Can you name the complete list of Toy Story characters from every Toy Story film according to Wikipedia?
By
asdfjkl
10m
105 Questions
1,980 Plays
1,980 Plays
1,980 Plays
Comments
Comments
Give Quiz Kudos
Give Quiz Kudos
-
- Ratings
hide this ad
More Info
Replay
Link that replays current quiz
Next Quiz
Link to next quiz in quiz playlist
You Got
0%
They Got
Avg Score
43%
Avg Friend Score
Upgrade to see
Score Distribution
Jump to the score distribution portion of the page
Score
0/105
Timer
10:00
0
Plays Today
Character
% Correct
Sheriff Woody
97.5%
Buzz Lightyear
96.5%
Rex the Dinosaur
89.3%
Jessie
89%
Slinky Dog
87.2%
Bo Peep
87%
Mr. Potato Head
86.9%
Hamm
83.5%
Mrs. Potato Head
83%
Bullseye
82.7%
Barbie
76.4%
Andy Davis
76.1%
Al McWhiggin
75.6%
Squeeze Toy Aliens
74.4%
Ken
72.4%
Lots-O'-Huggin' Bear
72.2%
Sid Phillips
70.4%
Prospector
69.3%
Ms. Davis
67.8%
Big Baby
67.3%
Wheezy
65%
Etch
62.2%
Emperor Zurg
62.1%
Mrs. Phillips
61.9%
Molly Davis
61.2%
RC
59.7%
Sarge
56.2%
Bonnie
53.2%
Lenny
51.9%
Trixie
51.5%
Dolly (Bonnie's Room)
50.4%
Dolly (Andy's Room)
50.2%
Mr. Pricklepants
49.4%
Chuckles the Clown
49.1%
Hannah Phillips
48.5%
Character
% Correct
Bo Peep's Sheep
48.3%
Stretch
47.3%
Mr. Phillips
46.6%
Buster
46.5%
Buttercup
45.9%
Monkey
45.6%
Mr. Spell
45.2%
Baby Face
43.6%
Peas-in-a-pod
43.6%
Bucket 'O' Soldiers
43.3%
Ducky (Sid's Room)
43.3%
Duckie (Andy's Room)
43.1%
Legs
42.9%
Chatter Telephone
42.7%
Zurg's Robots
41.7%
Mike
40.2%
Chunk
40.1%
Robot
39.9%
Rocky Gibraltar
39.5%
Snake
39.5%
Shark
38.9%
Twitch
38.6%
Barrel of Monkeys
36.5%
Scud
35.2%
Sparks
33.8%
Bookworm
33.5%
Emily
32.5%
Tour Guide Barbie
32.4%
Totoro
31.5%
Bonnie's Mom
30.8%
Deluded Buzz
30.4%
Roly Poly Clown
29.9%
The Frog
29.8%
Troll
29.6%
Hand-in-the-box
29.5%
Character
% Correct
Daisy
28.5%
Roller Bob
28.5%
Geri the Cleaner
27.7%
Janie
27.7%
Sally
27.3%
Jingle Joe
27.1%
Hockey Puck
26.9%
Teddy
26.3%
Combat Carl
25.3%
Magic 8-Ball
24.8%
Troikas
24.5%
See 'n Say The Farmer Says
23.4%
Walking Car
22.1%
Rockmobile
21.6%
Marie Antoinette
21.5%
Pterodactyl
21.2%
Rock 'Em Sock 'Em Robots
21%
Little Tikes
20.3%
Janitor
20.3%
Girl
20%
Toddle Tots Fire Truck
19.7%
Boy
19.6%
Amy
18.7%
Toy Train
18.4%
Three Barbie Singers
18.1%
Marie Antoinette's little sister
16.1%
Jack-in-the-box
15.6%
Whiskers
15.1%
Joe
14.6%
Crazy Critters
14.2%
TV announcer
13.9%
Mr. Konishi
13.4%
Driver
12.5%
Lawn Gnome
10.9%
Attendant
9.8%
Quiz Playlist
Details
Report
Send in Message
Add To Playlist
More Info:
This quiz will contain a list of EVERY toy story character from EVERY TOY STORY FILM!
Classic:
Type in answers that appear in a list
Quiz Source
Last Updated: Jul 9, 2017
Quiz Scoreboard
CHALLENGE
Sign Up to Join the Scoreboard
Show All
Scores
Hide
Comments
May contain spoilers
Recently Published
Movies - When Are They Set?
by FPL_Elf
Movies
5m
Popular People in 1961
by mucciniale
History
6m
1-10 Letter E Words III
by El_Dandy
Language
2m
More to Explore
Quiz From the Vault
Featured Blog Post
Where Did the Easter Bunny Come From?
hide this ad
You Might Also Like...
Tags
Toys Quiz
Character
complete
Story
Toy Story
Wikipedia
Today's Top Quizzes in Movies
Browse Movies
hide this ad
Today's Top Quizzes in Toys
Browse Toys
Top Contributed Quizzes in Movies
1
Multi-Oscar Nominations, One Movie, One Winner
2
12 Movies about Fictional 1960s Events
3
One Thing in Common: Movies
4
One Thing in Common: Movies II
5
Sunday Crossword: Film Score Composers
6
Three Word 'T' Movies Match Up
7
Three Word 'H' Movies Match Up
8
Three Word 'M' Movies Match Up
9
One Thing in Common: Oscars
10
Three Word 'P' Movies Match Up
Explore More
Trending Topics
Crossword
Marvel
Kpop
Anime
Harry Potter
Disney
NBA
WWE
Country
Puzzle
NFL
The Office
Pokémon
Soccer
Song
hide this ad
More By:
asdfjkl
Quiz
Plays
Rating
Category
Featured
Created
Percy Jackson & the Olympians: Last Name
10,946
4.40
Literature
Feb 23, 2010
Disney Roller Coasters
2,939
3.91
Miscellaneous
Aug 2, 2010
Every Toy Story Character
1,980
3.86
Movies
Jun 29, 2010
Pixar Primary Protagonists and Antagonists
983
4.33
Movies
Jun 26, 2010
Us countries
830
3.61
Geography
Feb 25, 2010
Go to Creator's Profile
Score Distribution
Quiz Creator Spotlight
asdfjkl
Follow
Send a Message
Quizzes Created
-
Created Quiz Play Count
-
More By This Creator
Popular Quizzes Today
1
Find the US States - No Outlines Minefield
2
Find the Countries of Europe - No Outlines Minefield
3
The Countries of the World
4
Popular People in 1961
5
1-10 Letter E Words III
6
US States
7
Find the US States
8
One Thing in Common: World Cities II
More Movies Quizzes
Alfonso Cuarón Movies - Picture Click
Curator's Pick
Trending Quizzes
Risky Map Clicking: Least Populous States A-Z
1-10 Letter F Words
1-10 Letter G Words
One Thing in Common: United Kingdom
Risky Map Clicking: Next State Alphabetically
Recently Updated
Leaping Animals
pecheneg
Reality TV Shows (A-Z)
bhenderson79
Rickey Henderson's Hall of Fame Teammates
pecheneg
Champions League XIs: Arsenal
pecheneg
Quick Pick: Celebrities in WWE's Hall of Fame
aduchscher
A-Z Keypad Blitz II
pecheneg
Multiple Oscar Actors
pecheneg
Mystery Phrase Blitz: Oscar 'Best Actors'
pecheneg
F. Scott Fitzgerald Novels
LTH
Pick 3 Villains
ddd62291
Trending Topics
NBA
Marvel
Harry Potter
Crossword
Kpop
Disney
Anime
Pokémon
NFL
Soccer
The Office
Puzzle
Song
WWE
Country
Your Account Isn't Verified!
In order to create a playlist on Sporcle, you need to verify the email address you used during registration. Go to your
Sporcle Settings
to finish the process.
Report this User
Report this user for behavior that violates our
Community Guidelines
.
Details:
Send Report
Go to the Sporcle.com Mobile Site →
Comments